Normal view
MARC view
Entry Topical Term
001 - CONTROL NUMBER
- control field: 37009
003 - CONTROL NUMBER IDENTIFIER
- control field: OSt
005 - DATE AND TIME OF LATEST TRANSACTION
- control field: 20230328105532.0
008 - FIXED-LENGTH DATA ELEMENTS
- fixed length control field: 230328|| aca||aabn | a|a d
040 ## - CATALOGING SOURCE
- Original cataloging agency: OSt
- Transcribing agency: OSt
150 ## - HEADING--TOPICAL TERM
- Topical term or geographic name entry element: Agenda setting, Institutional reform, City councils.
670 ## - SOURCE DATA FOUND
- Source citation: Work cat.: (OSt): Shannon, Brooke Nicole 37008, Can institutional reform have a lasting impact on the policy agenda? Evidence from the 10-1 in Austin, TX
